000 00599nam a22002177a 4500
003 UA-OsUOA
001 45838
007 ta
008 20070521b un ||||| |||| 00| 0 ukr d
100 _aІванникова Л.
090 _a2
_bІ-11
942 _cSA
040 _aUA-OsUOA
_bukr
_cUA-OsUOA
_dUA-OsUOA
245 _aПам'ятки нашої духовності. (Українськ літургійна книга ХVІ - ХVІІІ ст.)
300 _aС.12
955 _a0
041 _aukr
080 _a2
773 0 _w45837
650 7 _a2 Релігія. Теологія.
_2UDC
999 _c331934
_d331934